| 000 | 00654nam a2200229Ia 4500 | ||
|---|---|---|---|
| 999 |
_c5417 _d5417 |
||
| 001 | 11720017 | ||
| 003 | OCoLC | ||
| 005 | 20190103183259.0 | ||
| 008 | 850221s1935 mou 000 0 eng d | ||
| 035 | _a(OCoLC)11720017 | ||
| 040 |
_aTCT _cTCT |
||
| 050 | 4 |
_aBV4501 _b.W618 |
|
| 082 | 4 |
_a289.9 _bW617M |
|
| 092 |
_a289.97 _bW618 |
||
| 100 | 1 | _aWhitney, Frank B. | |
| 245 | 1 | 0 |
_aMightier than circumstance / _cby Frank B. Whitney. |
| 260 |
_aKansas City, Mo. : _bUnity School of Christianity, _c1935. |
||
| 300 |
_a155 p. : _bport. ; _c20 cm. |
||
| 610 | 2 | 0 | _aUnity school of Christianity, Kansas City, Mo. |
| 650 | 0 | _aChristian life. | |
| 942 |
_2ddc _cBK |
||